MARC

LEADER 00000nam0a2200000 4500
001 74703
005 20231031085711.0
035 |a (RuTPU)RU\TPU\book\79673 
090 |a 74703 
100 |a 20050311d1970 km y0rusy50 ca 
101 0 |a rus 
102 |a RU 
105 |a a z 001zy 
200 1 |a Отбор образцов пород и проб жидкости из пластов в скважинах  |f Л. А. Горбенко, В. А. Лучкин 
210 |a Москва  |c Недра  |d 1970 
215 |a 149 с.  |c ил. 
320 |a Библиогр.: с. 146-147. 
610 1 |a грунтоносы стреляющие 
610 1 |a образцы пород 
610 1 |a пробы жидкости 
610 1 |a пласты 
610 1 |a скважины 
610 1 |a пробоотборники 
610 1 |a сверлящие грунтоносы 
675 |a 550.82  |v 3 
700 1 |a Горбенко  |b Л. А.  |g Леонид Андреевич 
701 1 |a Лучкин  |b В. А.  |g Валентин Антонович 
801 1 |a RU  |b 63413507  |c 20050311  |g PSBO 
801 2 |a RU  |b 63413507  |c 20070219  |g PSBO 
942 |c BK